<?xml version="1.0" encoding="UTF-8"?>
<record
    xmlns:xsi="http://www.w3.org/2001/XMLSchema-instance"
    xsi:schemaLocation="http://www.loc.gov/MARC21/slim http://www.loc.gov/standards/marcxml/schema/MARC21slim.xsd"
    xmlns="http://www.loc.gov/MARC21/slim">

  <leader>00790nam a22002297a 4500</leader>
  <controlfield tag="005">20100821105358.0</controlfield>
  <datafield tag="010" ind1=" " ind2=" ">
    <subfield code="a">ENG-101220</subfield>
  </datafield>
  <datafield tag="020" ind1=" " ind2=" ">
    <subfield code="c">200.00</subfield>
    <subfield code="a">9788190787864</subfield>
  </datafield>
  <datafield tag="035" ind1=" " ind2=" ">
    <subfield code="a">EN-84753</subfield>
  </datafield>
  <datafield tag="037" ind1=" " ind2=" ">
    <subfield code="b">DBAD/PUB</subfield>
  </datafield>
  <datafield tag="082" ind1=" " ind2=" ">
    <subfield code="a">621.367</subfield>
  </datafield>
  <datafield tag="100" ind1=" " ind2=" ">
    <subfield code="a">Divya, N.</subfield>
    <subfield code="9">16959</subfield>
  </datafield>
  <datafield tag="245" ind1=" " ind2=" ">
    <subfield code="a">Image enhancement with weighted median filter /</subfield>
    <subfield code="c">by N. Divya</subfield>
  </datafield>
  <datafield tag="260" ind1=" " ind2=" ">
    <subfield code="a">Cnennai</subfield>
    <subfield code="b">Bodhivanam</subfield>
    <subfield code="c">2007</subfield>
  </datafield>
  <datafield tag="270" ind1=" " ind2=" ">
    <subfield code="a">Ahmed Complex Gr. Floor 12/293, Royapettah High Road </subfield>
    <subfield code="b">Cnennai</subfield>
    <subfield code="e">600014</subfield>
  </datafield>
  <datafield tag="300" ind1=" " ind2=" ">
    <subfield code="a">100 p. </subfield>
    <subfield code="c">22cm (Pbk) </subfield>
  </datafield>
  <datafield tag="500" ind1=" " ind2=" ">
    <subfield code="a">Includes bibliographical references</subfield>
  </datafield>
  <datafield tag="700" ind1=" " ind2=" ">
    <subfield code="9">15693</subfield>
  </datafield>
  <datafield tag="700" ind1=" " ind2=" ">
    <subfield code="9">15729</subfield>
  </datafield>
  <datafield tag="942" ind1=" " ind2=" ">
    <subfield code="2">ddc</subfield>
    <subfield code="c">EN</subfield>
    <subfield code="m">DIV</subfield>
    <subfield code="h">621.367</subfield>
  </datafield>
  <datafield tag="999" ind1=" " ind2=" ">
    <subfield code="c">42849</subfield>
    <subfield code="d">42849</subfield>
  </datafield>
  <datafield tag="952" ind1=" " ind2=" ">
    <subfield code="0">0</subfield>
    <subfield code="1">0</subfield>
    <subfield code="4">0</subfield>
    <subfield code="7">1</subfield>
    <subfield code="8">NFIC</subfield>
    <subfield code="a">DBAD</subfield>
    <subfield code="b">DBAD</subfield>
    <subfield code="d">2010-08-21</subfield>
    <subfield code="g">200.00</subfield>
    <subfield code="l">0</subfield>
    <subfield code="o">621.367 DIV</subfield>
    <subfield code="p">EN-84753</subfield>
    <subfield code="r">2010-08-21 00:00:00</subfield>
    <subfield code="t">1</subfield>
    <subfield code="v">200.00</subfield>
    <subfield code="w">2010-08-21</subfield>
    <subfield code="y">EN</subfield>
  </datafield>
</record>
